000 00761nam a22002657a 4500
003 OSt
005 20220107122712.0
008 130516b xxu||||| |||| 00| 0 eng d
020 _a9788132204336
040 _cIIITM-K
082 _a006.74P MAC/P
100 _aMaclntyre, Peter
_9158
245 _aPro PHP Programming
_cby Peter Maclntyre, Brian Danchilla, Mladen Gogala
260 _aNew Delhi,
_bSpringer,
_c2011.
300 _axxii,418p.
440 _aThe expert's voice n open source
_9159
650 _aCOMPUTER SCIENCE
_9160
650 _aWEB TECHNOLOGY
_9161
650 _aWEB DESIGNING
_9323
650 _aPHP
_9325
650 _aOPEN SOURCE SOFTWARE
_9984
700 _aDanchilla, Brian
_9162
700 _aGogala, Mladen
_9163
942 _2ddc
_cBK
999 _c2960
_d2960